000 00488cam a2200145 4500500
005 20251228091305.0
041 _afre
042 _adc
100 1 0 _aScepi, Henri
_eauthor
245 0 0 _aÀ propos d’une poétique atmosphérique. Quelques remarques sur l’air du poème
260 _c2025.
500 _a42
786 0 _nPo&sie | 191-192 | 1-2 | 2025-05-23 | p. 155-165 | 0152-0032
856 4 1 _uhttps://shs.cairn.info/revue-poesie-2025-1-page-155?lang=fr&redirect-ssocas=7080
999 _c1603242
_d1603242